00795 2200181 4500245006800000020002200068250001100090700002100101100002100122650001600143005001900159260004200178041001400220084000800234300002200242500034000264336000900604 aTwilight b : The Graphic Novel Vol. 1cMeyer, StepheniehText a978-979-22-6251-3 aCet. 1 aRosi L. Simamora aMeyer, Stephenie aNovel Fiksi a20231012094900 aJakartabGramedia Pustaka Utamac2010 aIndonesia a897 a224 hlm. :cilus. aKetika isabella swan pindah ke kota Forks yang muram dan bertemu edward cullen, cowok tampan dan misterius yang sangat memesona ,hidupnya berubah seratus delapan puluh derajat.dengan kulit sebagai porselen,sepasang mata keemasan,suara yang dalam,dan bakat bakat supernatural,Edward sangat sulit dilupakan dan sekaligus sulit di dekati. atext